00478nam a2200157 a 450000100100000000500170001000800410002702000150006804000250008308200080010810000270011624500930014325000110023626000450024730000280029200003981420201002033741.0130723s1978 sp a 000 0 spa d a8431508183 aDO-SdBNPbspacBNPHU axxx1 aDello Strologo, Saulla10aAquello que los gobiernos ocultan sobre los platillos volantes /cSaulla Dello Strologo. a4a ed. aBarcelona :bEditorial de Vecchi,c1978. a215 p. :bil. ;c21 cm.